Value of natural capital (Record no. 115922)

MARC details
000 -LEADER
fixed length control field 01244cam a22002775a 4500
001 - CONTROL NUMBER
control field L159462
008 - FIXED-LENGTH DATA ELEMENTS--GENERAL INFORMATION
fixed length control field 170725s2017 xxk f 000 0 eng d
035 ## - SYSTEM CONTROL NUMBER
System control number (Sirsi) u159462
041 0# - LANGUAGE CODE
Language code of text/sound track or separate title eng
110 2# - MAIN ENTRY--CORPORATE NAME
Corporate author Royal Institution of Chartered Surveyors
245 00 - TITLE STATEMENT
Title Value of natural capital
Subtitle the need for chartered surveyors
260 ## - PUBLICATION INFORMATION
Place of publication London
Publisher RICS
Date 2017
490 #0 - SERIES TITLE
Series statement RICS Insight
490 #0 - SERIES TITLE
Series statement RICS Research
520 ## - ABSTRACT
Abstract Looks at economic valuation of the environment from the perspective of a practising valuer, land manger or estate manager. Covers instructions, purpose and basis of valuation, value concepts used for basis of an economic valuation, site appraisal and collation and valuation method. Refers to Defra's guidance on the valuation of eco systems. Includes case studies and examples.
590 ## - LOCAL NOTE (RLIN)
Local note NTK
650 24 - KEYWORDS
Keywords EC0-SYSTEMS
650 24 - KEYWORDS
Keywords NATURAL RESOURCES
651 ## - SUBJECT ADDED ENTRY--GEOGRAPHIC NAME
Geographic name United Kingdom
690 ## - BROAD SUBJECT
Broad subject Rural
9 (RLIN) 6268
690 ## - BROAD SUBJECT
Broad subject Valuation
9 (RLIN) 6273
690 ## - BROAD SUBJECT
Broad subject Environment
9 (RLIN) 6238
700 1# - ADDED PERSONAL NAME
Added personal author Cowap, Charles
856 40 - ONLINE RESOURCE
Uniform Resource Identifier <a href="https://www.rics.org/content/dam/ricsglobal/documents/to-be-sorted/value-of-natural-capital-the-need-for-chartered-surveyors-rics.pdf">https://www.rics.org/content/dam/ricsglobal/documents/to-be-sorted/value-of-natural-capital-the-need-for-chartered-surveyors-rics.pdf</a>
Public note View the item at rics.org
942 ## - ADDED ENTRY ELEMENTS (KOHA)
Suppress in OPAC Do not suppress in OPAC
Holdings
Lost status Source of classification or shelving scheme Damaged status Not for loan Home library Current library Shelving location Date acquired Total Checkouts Full call number Barcode Date last seen Copy number Price effective from Koha item type
  Dewey Decimal Classification     Archives Archives Archive copy 25/07/2017   RICS 2017/04 30078411 06/08/2019 1 06/08/2019 Book
  Dewey Decimal Classification     London London RICS Boxes 25/07/2017   RICS 2017/4 30078415 06/08/2019 1 06/08/2019 Book
        Virtual Virtual Online 24/07/2024       24/07/2024   24/07/2024 Online material